| 000 | 00519 a2200157 4500 | ||
|---|---|---|---|
| 005 | 20250505125730.0 | ||
| 020 | _a978-978-140-805-2 | ||
| 082 | _a LECT 005.113 FOR | ||
| 100 | _aFOROZAN B. | ||
| 245 | _aFoundations of Computer Science | ||
| 250 | _a2nd ED. | ||
| 260 |
_aLondon, _bSouth-Western / BookPower, _c2008. |
||
| 300 |
_axv, 624p.: ill.; charts, figures, tables, _bGlossary, index, _c24cm. |
||
| 856 |
_yAccess Online Book _fFoundations of Computer Science _dclsuk.permissions@cengage.com |
||
| 942 |
_2ddc _cBKS |
||
| 999 |
_c1933 _d1933 |
||